000 00791cab a2200229 4500
001 WB3432-22
008 090401t1998 xxu||||| |||| 00| 0 eng d
035 _a(Sirsi) u88026
041 _aeng
245 _aInnovation to be an incentive
260 _c1998
350 _a0
490 _aHousing Today
_v(96) 13 August 1998, 3(1)
520 _aThe Housing Corporation has implied in its National Policy Statement that housing associations could get more grant next year if they use innovative construction techniques aimed at improving efficiency.
650 _aAPPROVED DEVELOPMENT PROGRAMME
650 _aCONSTRUCTION TASK FORCE
650 _aCONSTRUCTION TECHNIQUES
650 _aHOUSING ASSOCIATIONS
690 _aBlock management
_96220
942 _n0
948 _c18/08/1998
999 _c55582
_d55582